000 00571nam a22001937a 4500
003 MPLRDC
005 20220104203548.0
008 210129b ||||| |||| 00| 0 eng d
020 _a978-967-0564-99-9
082 _a859.6 HQT v.26
100 _a王元
245 _a米西西的入学通知单
_cCHEN ZHEN LEE 插图
250 _a初版一刷
260 _a马来西亚
_b红蜻蜓出版有限公司 ODONATA PUBLISHING SDN BHD
_c2017
300 _b
490 _a红蜻蜓绘图小说: 26
650 _a儿童故事;儿童小说
942 _cNB
_o859.6 HQT v.26
999 _c68186
_d68176